00863nam a22001937a 4500001000500000005001700005020001800022040001500040082001100055100002100066245005700087250006200144260002900206300004300235505000600278520034900284521001800633521001800651145220241031145721.0 a9781408313039 aFISKHbeng a823.92 aMeres, Joanathan aThe world of Norm may contain nuts /cJonathan Meres aThis edition published 2016 by The Watts Publishing Group aLondon :bOrchard,c2011 a295 pages, 9 unnumbered pages :c20 cm aK aSummary: Norm knew it was going to be one of those days when he woke up and found himself about to pee in his dad's wardrobe. Why on Earth did his family have to move, anyway? In their old house he'd never tried to pee in anything other than the toilet. And when Norm is in bed, he's kept awake by his dad snoring like a rhinoceros! (Publisher) a570 bLexile aK bRaz-Plus